| 000 | 00655nam a2200193 a 4500 | ||
|---|---|---|---|
| 001 | 000010361 | ||
| 005 | 20250129121827.0 | ||
| 008 | 091006s1988 dr a r 000 p spa d | ||
| 040 |
_aDO-SdBNP _bspa _cBNPHU |
||
| 082 |
_aRD861.44 _bG261er |
||
| 100 | 1 |
_aGatón Arce, Freddy, _d1920-1994 _97946 |
|
| 245 | 1 | 0 |
_aEra como entonces : _bdiscursos de los alborotos / _cFreddy Gatón Arce. |
| 260 |
_aSanto Domingo : _bEdiciones la poesia sorprendida, _c1988. |
||
| 300 |
_a83 p. : _bil. ; _c20 cm. |
||
| 590 | _aInventariado, 2018/BT | ||
| 650 | 0 |
_aPoesía dominicana _966 |
|
| 650 | 0 |
_aLiteratura dominicana. _967 |
|
| 910 | _aValidado. Control de calidad MMOLINA | ||
| 999 |
_c10120 _d10120 |
||